Automatické nahlasovanie energetických dát s využitím automatizovaných testovacích enginov
Enregistré dans:
| Auteur principal: | |
|---|---|
| Autres auteurs: | |
| Format: | Manuscrit Livre |
| Langue: | slovaque |
| Publié: |
Bratislava :
STU v Bratislave FEI,
2024
|
| Sujets: | |
| Accès en ligne: | https://opac.crzp.sk/?fn=detailBiblioFormChildUQRNS&sid=AA0D9432EF6DE826C916174F11D3&seo=CRZP-detail-kniha |
| Tags: |
Pas de tags, Soyez le premier à ajouter un tag!
|
MARC
| LEADER | 00000ntm a22000003a 4500 | ||
|---|---|---|---|
| 001 | stuzp93018 | ||
| 003 | SK-STU | ||
| 005 | 20250429104752.7 | ||
| 007 | ta | ||
| 008 | 150427s2015----xo-----f-mn---000-0-slo-d | ||
| 040 | |a STU |b slo | ||
| 041 | 0 | |a slo | |
| 044 | |a xo | ||
| 100 | 1 | |a Szitás, Zoltán |u 030400 |4 aut |U FEI Fakulta elektrotechniky a informatiky |T FEI Ústav automobilovej mechatroniky |X 92219 |U E400 |Y 642 |7 92219 | |
| 242 | 0 | 1 | |a Automatic reporting of energetics data using automated test engines |y eng |
| 245 | 1 | 0 | |a Automatické nahlasovanie energetických dát s využitím automatizovaných testovacích enginov |
| 260 | |a Bratislava : |b STU v Bratislave FEI, |c 2024 | ||
| 300 | |a 72 s. | ||
| 650 | 4 | |a Elektromer |2 slo | |
| 650 | 4 | |a Typescript |2 slo | |
| 650 | 4 | |a Dáta |2 slo | |
| 650 | 4 | |a Test enginy |2 slo | |
| 650 | 4 | |a Databáza |2 slo | |
| 650 | 4 | |a Playwright |2 slo | |
| 650 | 4 | |a Puppeteer |2 slo | |
| 650 | 4 | |a C# |2 slo | |
| 650 | 4 | |a Javascript |2 slo | |
| 650 | 4 | |a Selenium |2 slo | |
| 650 | 4 | |a Postgresql |2 slo | |
| 650 | 4 | |a Webová stránka |2 slo | |
| 650 | 4 | |a Web site |2 eng | |
| 650 | 4 | |a Electricity meter |2 eng | |
| 650 | 4 | |a C# |2 eng | |
| 650 | 4 | |a Javascript |2 eng | |
| 650 | 4 | |a Typescript |2 eng | |
| 650 | 4 | |a Datas |2 eng | |
| 650 | 4 | |a Test engines |2 eng | |
| 650 | 4 | |a Database |2 eng | |
| 650 | 4 | |a Selenium |2 eng | |
| 650 | 4 | |a Postgresql |2 eng | |
| 650 | 4 | |a Playwright |2 eng | |
| 650 | 4 | |a Puppeteer |2 eng | |
| 700 | 1 | |a Galandák, Ľuboš |4 ths |X 56376 |7 A000056376 | |
| 856 | 4 | |u https://opac.crzp.sk/?fn=detailBiblioFormChildUQRNS&sid=AA0D9432EF6DE826C916174F11D3&seo=CRZP-detail-kniha | |